Capital Cities Beginning With L - Statistics

General Stats
  • This quiz has been taken 34 times
    28 since last reset
  • The average score is 8 of 11
Answer Stats
Answer % Correct
Lima
88%
London
84%
Luanda
84%
Lisbon
80%
Luxembourg
76%
Lusaka
72%
Ljubljana
68%
Libreville
60%
Lilongwe
60%
Lome
60%
La Paz
40%
No matching quizzes found
Score Distribution
Percent of People with Each Score
Percentile by Number Answered
Your Score History
You have not taken this quiz since the last reset